| 000 | 00484cam a22001457a 4500 | ||
|---|---|---|---|
| 008 | 180718b2008 xxu||||| |||| 00| 0 eng d | ||
| 082 | _aA99 L628/In2 | ||
| 245 |
_aMadhu Limaye in parliament: a commemorative volume _cby Lok Sabha Secretariat |
||
| 260 |
_aDelhi _bLok Sabha Secretariat _c2008 |
||
| 300 | _a664p. | ||
| 650 | _aIndia --Economic conditions | ||
| 650 | _aIndia --Social conditions | ||
| 650 | _aIndia --Politics and government --1947- | ||
| 700 | _aLok Sabha Secretariat | ||
| 999 |
_c495315 _d495315 |
||